<?xml version="1.0" encoding="UTF-8"?>
<record
    xmlns:xsi="http://www.w3.org/2001/XMLSchema-instance"
    xsi:schemaLocation="http://www.loc.gov/MARC21/slim http://www.loc.gov/standards/marcxml/schema/MARC21slim.xsd"
    xmlns="http://www.loc.gov/MARC21/slim">

  <leader>02732nam a2200373 a 4500</leader>
  <controlfield tag="001">000048491</controlfield>
  <controlfield tag="003">DO-SdBPM</controlfield>
  <controlfield tag="005">20250828121709.0</controlfield>
  <controlfield tag="007">ta</controlfield>
  <controlfield tag="008">190325s2014    dr a        000 p spa d</controlfield>
  <datafield tag="020" ind1=" " ind2=" ">
    <subfield code="a">9789945484113</subfield>
  </datafield>
  <datafield tag="040" ind1=" " ind2=" ">
    <subfield code="a">DO-SdBPM</subfield>
    <subfield code="b">spa</subfield>
    <subfield code="c">BPMSU </subfield>
    <subfield code="d">rda</subfield>
  </datafield>
  <datafield tag="082" ind1=" " ind2="4">
    <subfield code="a">RD861.5</subfield>
    <subfield code="b">M578r 2014</subfield>
    <subfield code="2">22</subfield>
  </datafield>
  <datafield tag="100" ind1="1" ind2=" ">
    <subfield code="a">Mesa, Darihel </subfield>
    <subfield code="e">autor </subfield>
  </datafield>
  <datafield tag="245" ind1="1" ind2="3">
    <subfield code="a">El rostro de mi verso :</subfield>
    <subfield code="b">poes&#xED;a /</subfield>
    <subfield code="c">Darithel Mesa ; ilustraciones de Domingo Guzm&#xE1;n ; instructores Ram&#xF3;n Mesa, Ysabel Florentino, Jes&#xFA;s Cordero.</subfield>
  </datafield>
  <datafield tag="264" ind1=" " ind2=" ">
    <subfield code="a">San Crist&#xF3;bal, Rep&#xFA;blica Dominicana :</subfield>
    <subfield code="b">Fundaci&#xF3;n Literaria An&#xED;bal Monta&#xF1;o, FLAM,</subfield>
    <subfield code="c">2014.</subfield>
  </datafield>
  <datafield tag="300" ind1=" " ind2=" ">
    <subfield code="a">82 p&#xE1;ginas  :</subfield>
    <subfield code="b">ilustraciones ;</subfield>
    <subfield code="c">22 cm.</subfield>
  </datafield>
  <datafield tag="336" ind1=" " ind2=" ">
    <subfield code="a">texto</subfield>
    <subfield code="b">txt</subfield>
    <subfield code="2">rdacontent</subfield>
  </datafield>
  <datafield tag="337" ind1=" " ind2=" ">
    <subfield code="a">sin mediaci&#xF3;n</subfield>
    <subfield code="b">n</subfield>
    <subfield code="2">rdamedia</subfield>
  </datafield>
  <datafield tag="338" ind1=" " ind2=" ">
    <subfield code="a">volumen</subfield>
    <subfield code="b">nc</subfield>
    <subfield code="2">rdacarrier</subfield>
  </datafield>
  <datafield tag="490" ind1="0" ind2=" ">
    <subfield code="a">Marca provincia</subfield>
    <subfield code="a">Nueva Literatura Infantil Dominicana.</subfield>
  </datafield>
  <datafield tag="500" ind1=" " ind2=" ">
    <subfield code="a">"El poeta m&#xE1;s joven del mundo." "Promoci&#xF3;n 101 ni&#xF1;os poetas de San Crist&#xF3;bal"</subfield>
  </datafield>
  <datafield tag="505" ind1="0" ind2=" ">
    <subfield code="a">El rostro de mi verso --</subfield>
    <subfield code="t">No me gusta --</subfield>
    <subfield code="t">El perro y el gato --</subfield>
    <subfield code="t">El perro y la hoja --</subfield>
    <subfield code="t">Crismelylin y la lluvia --</subfield>
    <subfield code="t">La mariposa --</subfield>
    <subfield code="t">El fr&#xED;o y la luz --</subfield>
    <subfield code="t">Llueve mi trueno --</subfield>
    <subfield code="t">La pared y la ventana --</subfield>
    <subfield code="t">Dibujo la habitaci&#xF3;n --</subfield>
    <subfield code="t">El hombre --</subfield>
    <subfield code="t">El amigo de Jonh --</subfield>
    <subfield code="t">El r&#xED;o --</subfield>
    <subfield code="t">Una mujer --</subfield>
    <subfield code="t">Quiero dibujar una flor --</subfield>
    <subfield code="t">Voy a dibujar un p&#xE1; jaro --</subfield>
    <subfield code="t">Poema de la isla --</subfield>
    <subfield code="t">Caperucita --</subfield>
    <subfield code="t">No s&#xE9;, quiero devolver la luz --</subfield>
    <subfield code="t">La luz no quiere estar aqu&#xED; --</subfield>
    <subfield code="t">No quiere estar aqu&#xED; --</subfield>
    <subfield code="t">Sue&#xF1;o que arropa --</subfield>
    <subfield code="t">En el caracol 1 --</subfield>
    <subfield code="t">En el caracol 2 --</subfield>
    <subfield code="t">Sue&#xF1;o que despierta --</subfield>
    <subfield code="t">El r&#xED;o me lleva --</subfield>
    <subfield code="t">El r&#xED;o 3 --</subfield>
    <subfield code="t">Alex es un ind&#xED;gena --</subfield>
    <subfield code="t">Yo niego mi nombre --</subfield>
    <subfield code="t">Los r&#xED;os me caen atr&#xE1;s --</subfield>
    <subfield code="t">Aquel ni&#xF1;o que est&#xE1; parado all&#xED; 1--</subfield>
    <subfield code="t">2</subfield>
    <subfield code="t">3</subfield>
    <subfield code="t">4</subfield>
    <subfield code="t">5</subfield>
    <subfield code="t">6</subfield>
    <subfield code="t">7</subfield>
    <subfield code="t">Yo no estoy para llorarle a la luz --</subfield>
    <subfield code="t">Cuando mi cuaderno no me llora 1 y 2 --</subfield>
    <subfield code="t">Tras del verso y una mujer --</subfield>
    <subfield code="t">El raostro de mi verso --</subfield>
    <subfield code="t">Apuntes para una lectura comprensiva de los Ni&#xF1;os Poetas de San Crist&#xF3;bol --</subfield>
    <subfield code="t">Pedagog&#xED;a y proceso creativo --</subfield>
    <subfield code="t">Educacion desde el vientre --</subfield>
    <subfield code="t">Cuando surgen las palabras --</subfield>
    <subfield code="t">Algunos cuentos motivadores --</subfield>
    <subfield code="t">Ambiente y hogar --</subfield>
    <subfield code="t">Contexto social --</subfield>
    <subfield code="t">A manera de ejemplo (Salvado las distancias) --</subfield>
    <subfield code="t">La educaci&#xF3;n formal --</subfield>
    <subfield code="t">Sin misterios ni recetas (una actitud clave) --</subfield>
    <subfield code="t">El primer poema de Darihel --</subfield>
    <subfield code="t">El poeta m&#xE1;s joven del mundo --</subfield>
    <subfield code="t">Otras actividades en las que ha participado --.</subfield>
  </datafield>
  <datafield tag="590" ind1=" " ind2=" ">
    <subfield code="a">Inventariado, 2025VM</subfield>
  </datafield>
  <datafield tag="650" ind1=" " ind2="7">
    <subfield code="a">Poes&#xED;a infantil dominicana </subfield>
  </datafield>
  <datafield tag="650" ind1=" " ind2="7">
    <subfield code="a">Literatura infantil dominicana </subfield>
    <subfield code="v"> </subfield>
  </datafield>
  <datafield tag="700" ind1="1" ind2=" ">
    <subfield code="a">Mesa, Darihel</subfield>
  </datafield>
  <datafield tag="700" ind1="1" ind2=" ">
    <subfield code="a">Mesa, Ram&#xF3;n,</subfield>
  </datafield>
  <datafield tag="700" ind1="1" ind2=" ">
    <subfield code="a">Florentino, Ysabel,</subfield>
    <subfield code="d">1981-</subfield>
  </datafield>
  <datafield tag="700" ind1="1" ind2=" ">
    <subfield code="a">Cordero, Jes&#xFA;s</subfield>
  </datafield>
  <datafield tag="700" ind1="1" ind2=" ">
    <subfield code="a">Guzm&#xE1;n, Domingo,</subfield>
    <subfield code="e">ilustraci&#xF3;n </subfield>
  </datafield>
  <datafield tag="910" ind1=" " ind2=" ">
    <subfield code="a">VMateo V. Control de calidad. BPMSU </subfield>
  </datafield>
  <datafield tag="942" ind1=" " ind2=" ">
    <subfield code="2">ddc</subfield>
    <subfield code="c">BK</subfield>
  </datafield>
  <datafield tag="952" ind1=" " ind2=" ">
    <subfield code="0">0</subfield>
    <subfield code="1">0</subfield>
    <subfield code="2">ddc</subfield>
    <subfield code="7">0</subfield>
    <subfield code="8">CI-D</subfield>
    <subfield code="a">BPMET</subfield>
    <subfield code="b">BPMET</subfield>
    <subfield code="d">2025-08-28</subfield>
    <subfield code="l">0</subfield>
    <subfield code="o">BPMSU CDI RD861.5 M578r 2014</subfield>
    <subfield code="p">BPMSU25080078</subfield>
    <subfield code="r">2025-08-28</subfield>
    <subfield code="w">2025-08-28</subfield>
    <subfield code="y">BK</subfield>
  </datafield>
  <datafield tag="952" ind1=" " ind2=" ">
    <subfield code="0">0</subfield>
    <subfield code="1">0</subfield>
    <subfield code="2">ddc</subfield>
    <subfield code="7">0</subfield>
    <subfield code="8">CI-D</subfield>
    <subfield code="a">BPMET</subfield>
    <subfield code="b">BPMET</subfield>
    <subfield code="d">2025-08-28</subfield>
    <subfield code="l">0</subfield>
    <subfield code="o">BPMSU CDI RD861.5 M578r 2014</subfield>
    <subfield code="p">BPMSU25080079</subfield>
    <subfield code="r">2025-08-28</subfield>
    <subfield code="t">e.2</subfield>
    <subfield code="w">2025-08-28</subfield>
    <subfield code="y">BK</subfield>
  </datafield>
  <datafield tag="999" ind1=" " ind2=" ">
    <subfield code="c">15356</subfield>
    <subfield code="d">15356</subfield>
  </datafield>
</record>
